LEADER 01588nam a2200325 u 4500 001 000000027758 003 CaOOAMICUS 005 20150114151407.0 008 960205s1965 enk u000 u eng u 035 $a10721534 040 $aIAR$bita 100 1 $aWatt, John A.$0(OLS)http://pul/name/22655 245 14$aThe theory of papal monarchy in the thirteenth century :$bthe contribution of the canonists /$cJohn A. Watt. 260 $aNew York :$bFordham University press,$c1965. 300 $aviii, 160 p.$c26 cm 500 $aComprende indici 504 $aList of works cited : p. 145-153. 650 4$aPapi$xPotere temporale.$0(OLS)http://pul/subject/55 650 4$aChiesa$xStoria$yMedioevo, 600-1500.$0(OLS)http://pul/subject/660 850 $aPUL 852 $aPUL$W1$xDP1 Fondo Maccarrone$y58$m1503 F 11$j38636$nBK-PRI$b $qFondi$B38636$CPULBib$Z2$F38636 $H $81 852 $aPUL$W1$xDP2 Diritto Canonico 1$y64$m147 C 25$j38637$nBK-PRI$qStampati$B38637$CPULBib$Z2$F38637 $H27928 $82 852 $aPUL$W1$xDP1 Fondo Capitani$y116$m3 B 61$j162968$qFondi$B162752$CPULBib$Z2$F162752 $HCap745 $82 941 1 $a8 941 1 $a1 961 $aINV: 01046 -- Fondo Mons. M. Maccarrone 961 $aINV: 27928 961 $aNota ms. di possesso : Capitani 996 $6245$aThe theory of papal monarchy in the thirteenth century :$bthe contribution of the canonists$9(OLS)http://pul/title/37933 996 $6260$aNew York :$bFordham University press$9(OLS)http://pul/publisher/59884 LEADER 01458nam a2200277 u 4500 001 000000034842 003 CaOOAMICUS 005 20070226112522.0 008 980216c1982 fr u000 u fre u 035 $a10782572 040 $aPUL(R)$bita 100 1 $aChevailler, Laurent.$0(OLS)http://pul/name/26787 245 13$aLe droit et les institutions de l'église catholique latine de la fin du XVIIIe siècle à 1978 :$borganismes, collégiaux et moyens de gouvernement /$cpar Laurent Chevailler, Charles Lefebvre, René Metz. 260 $aParis :$bEditions Cujas,$c1982. 300 $a478 p. ;$c24 cm 490 1 $aHistoire du droit et des institutions de l'Eglise en Occident ;$v17 500 $aIndice: p. [436]-478. 504 $aBibliografia in nota. 700 1 $aMetz, René.$0(OLS)http://pul/name/15319 700 1 $aLefebvre, Charles,$csac.,$d1904-1989.$0(OLS)http://pul/name/4377 830 0$aHistoire du droit et des institutions de l'Eglise en Occident ;$v17.$0(OLS)http://pul/title/1124 850 $aPUL 852 $aPUL$W1$xSL Diritto Canonico 1$y5$m145 H 17$j47716$nBK-PRI$b $qStampati$B47716$CPULBib$Z2$F47716 $HPUL61756 $81 941 1 $a8 996 $6245$aLe droit et les institutions de l'église catholique latine de la fin du XVIIIe siècle à 1978 :$borganismes, collégiaux et moyens de gouvernement$9(OLS)http://pul/title/48007 996 $6260$aParis :$bEditions Cujas$9(OLS)http://pul/publisher/50118